| 000 | 00647nam a22001937a 4500 | ||
|---|---|---|---|
| 082 |
_a297.63 _bSEE |
||
| 100 |
_aNadiv,Syed Suleman _947213 |
||
| 245 |
_aسیرتہُ النبی ﷺ _cNadiv,Syed Suleman, Molana Shebli Numani |
||
| 260 |
_aLahore _bQamar Saeed publisher Lahore |
||
| 300 |
_a568p.: _bill,; _c20 cm. |
||
| 526 |
_a0 _b0 _c0 _d297_630000000000000_SEE |
||
| 526 |
_a0 _b0 _c0 _d297_630000000000000_SEE |
||
| 526 |
_a0 _b0 _c0 _d297_630000000000000_SEE |
||
| 526 |
_a0 _b0 _c0 _d297_630000000000000_SEE |
||
| 526 |
_a0 _b0 _c0 _d297_630000000000000_SEE |
||
| 526 |
_a0 _b0 _c0 _d297_630000000000000_SEE |
||
| 650 |
_aMCE _9379 |
||
| 942 |
_2ddc _cBK |
||
| 999 |
_c550504 _d550504 |
||